Istituzioni di igiene per studenti, medici pratici, ufficiali saniterii, ecc. / (Record no. 54315)

MARC details
000 -LEADER
campo de control de longitud fija 00684nam a22001935i 4500
001 - NÚMERO DE CONTROL
campo de control 54315
003 - IDENTIFICADOR DE NÚMERO DE CONTROL
campo de control ES-MaACL
005 - FECHA Y HORA DE LA ÚLTIMA TRANSACCIÓN
campo de control 20230906162933.0
007 - CAMPO FIJO DE DESCRIPCIÓN FÍSICA--INFORMACIÓN GENERAL
campo de control de longitud fija t|
008 - DATOS DE LONGITUD FIJA--INFORMACIÓN GENERAL
campo de control de longitud fija 960717s1891 it ||||1| ita d
040 ## - FUENTE DE CATALOGACIÓN
Centro catalogador/agencia de origen CAM
Lengua de catalogación spa
Centro/agencia transcriptor CAM
100 1# - ENTRADA PRINCIPAL--NOMBRE DE PERSONA
Nombre de persona Flügge, Karl.
9 (RLIN) 51371
245 10 - MENCIÓN DEL TÍTULO
Título Istituzioni di igiene per studenti, medici pratici, ufficiali saniterii, ecc. /
Mención de responsabilidad, etc. del dr. C. Flügge; traduzione italiana del dr. Saverio Santoni; con prefazione e note del dr. Angelo Celli.
260 ## - PUBLICACIÓN, DISTRIBUCIÓN, ETC.
Lugar de publicación, distribución, etc. Napoli :
Nombre del editor, distribuidor, etc. V. Pasquale,
Fecha de publicación, distribución, etc. 1891 (
Fabricante Tip. A. Trani)
300 ## - DESCRIPCIÓN FÍSICA
Extensión VII, 537 p. ;
Dimensiones 24 cm.
700 1# - ENTRADA AGREGADA--NOMBRE PERSONAL
Nombre de persona Santoni, Saverio.
9 (RLIN) 103449
700 1# - ENTRADA AGREGADA--NOMBRE PERSONAL
Nombre de persona Celli, Angelo.
9 (RLIN) 37367
852 ## - LOCALIZACIÓN
Ubicación ES-MaACL
Número de control de estantería F-957
Holdings
Estatus retirado Estado de pérdida Estado de daño No para préstamo Colección Biblioteca de origen Biblioteca actual Ubicación en estantería Fecha de adquisición Fuente de adquisición Total de préstamos Signatura topográfica completa Código de barras Visto por última vez Precio de reemplazo Tipo de ítem Koha
        Libros del s. XIX Biblioteca del Ateneo de Madrid Biblioteca del Ateneo de Madrid Depósito 2 17/01/2008     F-957 1057078 23/02/2023 23/02/2023 Libro impreso antiguo